000
00302nam a22001337a 4500
003
SGT
020
_a
9789387964327
082
_a
615
_b
DHI
100
_a
DHIKAV VIKAS
245
_a
PRINCIPLES AND PRACTICE OF CLINICAL PHARMACY
260
_a
INDIA
_b
CBS PUB
_c
2019
300
_a
253
942
_2
ddc
_c
BK
999
_c
34499
_d
34499